000 00226nam a22000857a 4500
008 161125b xxu||||| |||| 00| 0 eng d
100 _91446
_aGupta. H. R
245 _aCources of studies : IT aplications
260 _aDelhi
_bCBSE
_c1999
999 _c4170
_d4170